Lịch sử kĩ thuật và cách mạng công nghệ đại cương

Salvato in:
Dettagli Bibliografici
Autore principale: Hoàng Đình Phu
Natura: Libro
Lingua:Vietnamese
Pubblicazione: Khoa học và kỹ thuật 1997
Tags: Aggiungi Tag
Nessun Tag, puoi essere il primo ad aggiungerne! !
Thư viện lưu trữ: Mạng thư viện Đại học Đà Nẵng
LEADER 00673nam a2200277 4500
001 000025718
003 1276
005 20150325120000.0
008 150325s vm 000 vie
020 |c 14000,0000 
040 |a D1 
100 |a Hoàng Đình Phu 
245 |a Lịch sử kĩ thuật và cách mạng công nghệ đại cương 
260 |b Khoa học và kỹ thuật  |c 1997 
300 |a 203tr. ; 
OWN |a LTT 
999 |a From the UDN01 
TYP |a Monograph 
TYP |a Printed language 
980 |a Mạng thư viện Đại học Đà Nẵng